1459 1841 1243 1399 1280 1167 1429 1065 1448 1402 1347 1049 1665 1491 1551 1764 1352 1079 1240 1050 1554 1430 1444 1747 1358 1559 1675 1818 1293 1768 1897 1854 1136 1845 1411 1897 1113 1948 1823 1448 1845 1887 1616 1858 1013 1754 1158 1159 1541 1672 1900 1917 1896 1570 1559 1900 1025 1923 1490 1551 1406 1413 1913 1859 1577 1405 1098 1489 1186 1713 1076 1148 1398 1743 1852 1391 1599 1822 1376 1965 1211 1430 1692 1304 1978 1623 1629 1156 1844 1914 1194 1953 1108 1303 1455 1437 1638 1976 1786 BCNSPRNW ULIB Ver.6.0+V

เปลี่ยนเป็นภาษาไทย

Change to English
 แสดงรายละเอียดบรรณานุกรม
  กลับหน้าหลัก

Brief Record : Get Marc (ISO 2709) : E-mail record : QR code < ปิดหน้าต่าง
LEADER : 00000nam 2200000uu 4500
001    13399112237
003     ULIB
008    110801s2543||||th 000 0 tha d
020    9748720861
040    bra
050  4 HD69.P75^bก513ก 2543
245 00 การวางแผนและการบริหารโครงการ =^bPlanning and project management /^cเรียบเรียงโดย สุพาดา สิริกุตตา ...[และคนอื่นๆ]
246 31 Planning and project management
260    [กรุงเทพฯ] :^bDiamond in Business World,^c2543
300    179 หน้า ;^c26 ซม.
650  4 การบริหารโครงการ
650  4 การวางแผน
700 0  สุพาดา สิริกุตตา,^eผู้เรียบเรียง
945    ^p110^l0^i015360
945    ^p110^l0^i015361
995    ทศพร
999 ^a ทศพร
รายการนี้ยังไม่มีแท็ก
คุณยังไม่ได้ล็อกอิน คุณสามารถมีกิจกรรมร่วมกับเว็บไซต์ได้ แต่ต้องล็อกอินก่อน ::
  ล็อกอิน

รายการสื่อสารสนเทศ

ลำดับที่ ประเภท เลขเรียก/บาร์โค้ด สถานที่ สถานะ
- ไม่พบข้อมูล -

รายการใกล้เคียง
    หัวเรื่อง [การบริหารโครงการ]
    หัวเรื่อง [การวางแผน]

BibComment


ยังไม่เคยถูกคอมเมนท์

คอมเมนท์ทรัพยากรรายการนี้
  คอมเมนท์: การวางแผนและการบร..


 Copyright 2026. Bcnsprnw @Library